Statistics for Top 500 Baby Boy Names of 2017-USA

Click here to take the quiz!

General Stats

  • This quiz has been taken 2,796 times
  • The average score is 224 of 500

Answer Stats

RankHintAnswer% Correct
3WWilliam
97%
35JJack
96%
4JJames
95%
27JJohn
95%
1LLiam
94%
12MMichael
93%
15DDaniel
91%
9OOliver
91%
151AAlex
90%
144JJesus
90%
81JJose
90%
16MMatthew
90%
2NNoah
90%
6BBenjamin
89%
130LLuca
89%
439LLuka
89%
264AAndre
87%
23DDavid
87%
18HHenry
87%
20JJackson
87%
44JJaxon
87%
79JJaxson
87%
30LLuke
87%
13AAlexander
86%
19JJoseph
86%
11LLucas
85%
220LLukas
85%
21SSamuel
85%
54EEli
84%
10JJacob
84%
225PPaul
84%
48TThomas
84%
38CChristopher
83%
14EEthan
83%
124GGeorge
83%
45NNathan
83%
213PPeter
83%
65RRobert
83%
103ZZachary
83%
49CCharles
81%
169EEdward
81%
61LLeo
81%
203MMark
81%
40AAndrew
80%
271SStephen
80%
77AAdam
79%
476AAlijah
79%
8EElijah
79%
92JJason
79%
313JJayceon
79%
471JJayson
79%
68NNicholas
79%
205NNicolas
79%
251SSean
79%
386SShawn
79%
182SSteven
79%
32AAnthony
78%
384JJay
78%
245LLeon
78%
7MMason
78%
175RRichard
78%
43RRyan
78%
99AAyden
77%
357JJohnathan
77%
55JJonathan
77%
39JJoshua
77%
420AAdan
76%
498AAden
76%
221AAidan
76%
17AAiden
76%
126JJustin
76%
46AAaron
75%
143EEric
75%
256EErick
75%
367EErik
75%
33IIsaac
75%
114BBrandon
74%
217BBrian
74%
210BBryan
74%
52CChristian
74%
298CCristian
74%
84EEvan
74%
233JJaden
74%
305JJaiden
74%
26JJayden
74%
101KKevin
74%
5LLogan
74%
188DDean
73%
373FFrank
73%
164TTimothy
73%
214CCharlie
72%
76IIan
72%
193JJeremy
72%
73JJordan
72%
211KKyle
72%
195MMarcus
72%
28OOwen
72%
106TTyler
71%
29DDylan
70%
248JJake
70%
112NNathaniel
69%
277LLouis
68%
117LLuis
68%
171PPatrick
68%
128MMax
67%
289TTheo
67%
425PPhilip
66%
426PPhillip
66%
89XXavier
66%
401AAllen
65%
24CCarter
65%
335CConner
65%
56CConnor
65%
308CConor
65%
31GGabriel
65%
63JJeremiah
65%
36JJulian
65%
173KKarter
65%
97LLeonardo
65%
192OOscar
65%
62TTheodore
65%
60CCameron
64%
488DDonald
64%
272KKameron
64%
281MMartin
64%
108VVincent
64%
375GGregory
63%
113HHarrison
63%
244AArthur
62%
230BBradley
62%
165VVictor
62%
115CCole
61%
460RRonald
61%
170AAbraham
60%
159AAlan
60%
218KKenneth
60%
263SSimon
60%
75AAustin
59%
223CCaden
59%
327CCaiden
59%
241CCayden
59%
53HHunter
59%
47IIsaiah
59%
135IIvan
59%
155JJonah
59%
209KKaden
59%
141KKaiden
59%
98KKayden
59%
22SSebastian
59%
202ZZane
59%
341ZZayn
59%
383ZZayne
59%
228CColin
58%
342CCollin
58%
119DDamian
58%
266DDamien
58%
161EElliot
58%
160EElliott
58%
137JJuan
58%
50CCaleb
57%
132CCarlos
57%
443DDerrick
57%
184KKaleb
57%
90PParker
57%
34GGrayson
56%
80GGreyson
56%
323JJeffrey
56%
265WWalter
56%
25WWyatt
56%
58AAdrian
55%
430AAlbert
55%
239DDerek
55%
177JJoel
55%
455MMohamed
54%
366MMuhammad
54%
278CCody
53%
461FFrancis
53%
174HHayden
53%
346JJohnny
53%
37LLevi
53%
110MMiles
53%
212MMyles
53%
158AAntonio
52%
138AAshton
52%
150BBlake
52%
72BBrayden
52%
94CChase
52%
186JJesse
52%
157JJude
52%
415LLanden
52%
57LLandon
52%
484SScott
52%
88CCooper
51%
133MMaxwell
51%
253RRiley
51%
167FFinn
50%
494FFrederick
50%
222JJax
50%
51JJosiah
50%
127KKai
50%
42MMateo
50%
187MMatteo
50%
111WWesley
50%
376AAndy
49%
454DDrew
49%
96GGavin
49%
293RRaymond
49%
364TTrevor
49%
146AAbel
48%
78EElias
48%
496LLawrence
48%
41LLincoln
48%
369QQuinn
48%
163XXander
48%
238ZZander
48%
152BBrody
47%
493KKeith
47%
386NNoel
47%
59AAsher
46%
269CColt
46%
337MMarco
46%
67NNolan
46%
322SSeth
46%
145CCalvin
45%
83CCarson
45%
365DDominick
45%
332EEdwin
45%
183GGraham
45%
385JJared
45%
286KKarson
45%
448KKolton
45%
70CColton
44%
74DDominic
44%
172GGrant
44%
300TTravis
44%
194AAlejandro
43%
71AAngel
43%
227BBrady
43%
431BBruce
43%
331DDevin
43%
176MMiguel
43%
310AAli
42%
181AAvery
42%
445CCade
42%
246FFelix
42%
87JJace
42%
100JJameson
42%
434JJamison
42%
325JJase
42%
185JJasper
42%
139JJayce
42%
412KKade
42%
190PPreston
42%
407RRoberto
42%
91RRoman
42%
360WWarren
42%
166BBryce
41%
279FFinley
41%
418HHugo
41%
446JJonas
41%
224MMilo
41%
413NNico
41%
359SShane
41%
121TTristan
41%
105AAxel
40%
109WWeston
40%
312EEllis
39%
69EEzra
39%
320GGarrett
39%
231JJavier
39%
499JJulio
39%
340PPeyton
39%
302RRicardo
39%
444ZZachariah
39%
396AAlexis
38%
82EEzekiel
38%
64HHudson
38%
307MMario
38%
416MMoises
38%
475MMoses
38%
140RRowan
38%
495RRowen
38%
351TTroy
38%
291EEduardo
37%
125EEmmett
37%
382HHarvey
37%
237JJorge
37%
336JJulius
37%
107MMicah
37%
229OOmar
37%
273TTobias
37%
333AAngelo
36%
467CCorey
36%
260DDallas
36%
104EEverett
36%
440FFranklin
36%
392PPedro
36%
201RRiver
36%
292SSpencer
36%
324TTyson
36%
436DDamon
35%
66EEaston
35%
353EEdgar
35%
274MManuel
35%
464MMaximilian
35%
191AAugust
34%
469DDrake
34%
441EEzequiel
34%
235IIsrael
34%
147KKing
34%
219AAndres
33%
254AArcher
33%
123BBennett
33%
250CClayton
33%
356MMarshall
33%
200MMaximus
33%
102BBentley
32%
129DDiego
32%
259FFrancisco
32%
207JJudah
32%
345PPrince
32%
379RRory
32%
148CCamden
31%
116DDeclan
31%
414EEmanuel
31%
154EEmmanuel
31%
432KKamden
31%
442PPablo
31%
403RRussell
31%
95SSawyer
31%
179TTucker
31%
118BBraxton
30%
459MMathias
30%
236MMatias
30%
462MMatthias
30%
122RRyder
30%
377SSolomon
30%
362WWade
30%
295AAnderson
29%
156BBeau
29%
267CChance
29%
489CChandler
29%
500DDarius
29%
447DDexter
29%
395MMalcolm
29%
85MMaverick
29%
402AAri
28%
261EEmilio
28%
136MMaddox
28%
120SSilas
28%
270TTanner
28%
344DDakota
27%
492DDavis
27%
321DDonovan
27%
276EEmerson
27%
306FFernando
27%
301JJett
27%
206PPaxton
27%
358RRomeo
27%
483SSaul
27%
422ZZaiden
27%
189ZZayden
27%
199ZZion
27%
204BBrooks
26%
485BBrycen
26%
86BBryson
26%
285CCash
26%
380CClark
26%
355KKash
26%
134KKingston
26%
268PPhoenix
26%
282RRafael
26%
296RRonan
26%
93SSantiago
26%
405WWinston
26%
258CCorbin
25%
326DDesmond
25%
142GGiovanni
25%
317HHector
25%
338JJensen
25%
153MMalachi
25%
394MMalakai
25%
290AAce
24%
318DDante
24%
197LLorenzo
24%
452TTrenton
24%
314WWalker
24%
316AArlo
23%
423AAugustus
23%
196DDawson
23%
456DDax
23%
257EEnzo
23%
319KKyler
23%
368OOdin
23%
466SSkyler
23%
371DDalton
22%
487EEnrique
22%
304GGideon
22%
398PPorter
22%
381RReed
22%
288RReid
22%
287RRylan
22%
149AAmir
21%
350AAtticus
21%
226BBeckett
21%
178GGael
21%
243GGriffin
21%
481JJaime
21%
352KKane
21%
408LLennox
21%
334OOrion
21%
131RRyker
21%
474BBenson
20%
348CCruz
20%
328GGage
20%
374GGrady
20%
450HHank
20%
389IIbrahim
20%
309KKeegan
20%
297LLane
20%
247RRemington
20%
234BBarrett
19%
388FFabian
19%
437GGunnar
19%
262GGunner
19%
391IIsmael
19%
343JJaylen
19%
249KKillian
19%
433LLawson
19%
283NNash
19%
303BBodhi
18%
168BBrantley
18%
242HHolden
18%
240JJosue
18%
372NNehemiah
18%
417RRuben
18%
162WWaylon
18%
427CCyrus
17%
339DDaxton
17%
428EEsteban
17%
410FFinnegan
17%
294MMaximiliano
17%
404PPrinceton
17%
180RRhett
17%
284BBeckham
16%
477RRhys
16%
354SSergio
16%
399SSullivan
16%
329AAtlas
15%
315CCohen
15%
491EEden
15%
208EEmiliano
15%
468KKasen
15%
453KKian
15%
424MMarcos
15%
198MMessiah
15%
451TTate
15%
216TThiago
15%
299TTitus
15%
252AAdriel
14%
347KKayson
14%
232KKnox
14%
457RRocco
14%
349HHendrix
13%
280IIker
13%
370JJaxton
13%
361JJoaquin
13%
397KKason
13%
406KKendrick
13%
378MMalik
13%
478OOtto
13%
486AAriel
12%
480AArmando
12%
215KKyrie
12%
255LLegend
12%
463MMilan
12%
419AAbram
11%
311CCesar
11%
409HHayes
11%
393LLeland
11%
363LLeonel
11%
479OOakley
11%
449RRemy
11%
275AAmari
10%
435SSterling
10%
330MMajor
9%
472SSage
9%
429BBraylen
8%
470GGerardo
8%
465RRoyce
8%
390AAdonis
7%
490AAsa
7%
473BBraylon
7%
421KKhalil
7%
482NNixon
7%
400RRaiden
6%
458BBowen
4%
497LLeonidas
3%
411NNasir
3%
438KKysen
2%

Score Distribution

Percentile by Number Answered

Percent of People with Each Score

Your Score History

You have not taken this quiz